Landen met een letter - G - Statistieken

Algemene statistieken
  • Deze quiz is 204 keer genomen
  • De gemiddelde score is 37 van 47
Antwoordstatistieken
Categorie Land % Correct
2 x G Georgië
95%
1 x G Argentinië
90%
1 x G België
90%
1 x G Democratische Republiek Congo
90%
1 x G Algerije
87%
1 x G Ghana
87%
1 x G Griekenland
87%
1 x G Guatemala
87%
1 x G Guinee
87%
1 x G Verenigde Staten
87%
1 x G Verenigd Koninkrijk
87%
1 x G Egypte
85%
1 x G Gabon
85%
1 x G Guyana
85%
1 x G Portugal
85%
1 x G Republiek Congo
85%
1 x G Angola
82%
1 x G Bulgarije
82%
1 x G Gambia
82%
1 x G Grenada
82%
1 x G Guinee-Bissau
82%
1 x G Madagaskar
82%
1 x G Niger
82%
1 x G Nigeria
82%
1 x G Noorwegen
82%
1 x G Hongarije
79%
1 x G Paraguay
79%
1 x G Afghanistan
77%
1 x G Senegal
77%
1 x G Uruguay
77%
1 x G Verenigde Arabische Emiraten
77%
1 x G Bangladesh
74%
1 x G Mongolië
74%
1 x G Nicaragua
74%
1 x G Oeganda
74%
1 x G Singapore
74%
1 x G Togo
74%
1 x G Equatoriaal-Guinea
72%
1 x G Papoea-Nieuw-Guinea
72%
1 x G Trinidad en Tobago
72%
1 x G Bosnië en Herzegovina
67%
1 x G Montenegro
67%
1 x G Tonga
67%
1 x G Antigua en Barbuda
64%
1 x G Kirgizië
64%
1 x G Luxemburg
62%
1 x G Saint Vincent en de Grenadines
59%
Geen overeenkomende quizzen gevonden
Scoreverdeling
Procent van Mensen met Elke Score
Percentiel versus Aantal Correcte Antwoorden
Uw Scoregeschiedenis
U heeft deze quiz nog niet genomen